Opposites (children addition) - Statistics

General Stats
  • This quiz has been taken 25 times
  • The average score is 16 of 17
Answer Stats
Hint Answer % Correct
Front Back
100%
Good Bad
100%
Hot Cold
100%
Up Down
100%
Sad Happy
100%
First Last
100%
In Out
100%
left Right
100%
Mother Father
96%
Boy Girl
96%
Day Night
96%
Rich Poor
96%
Sour Sweet
96%
Heavy Light
92%
Loud Quiet
92%
Love Hate
88%
Horizontal Vertical
79%
No matching quizzes found
Score Distribution
Percent of People with Each Score
Percentile by Number Answered
Your Score History
You have not taken this quiz